Name a Valid Book of the Catholic Bible by Name Length - Statistics

General Stats
  • This quiz has been taken 13 times
  • The average score is 10 of 12
Answer Stats
Characters No. Of Books Books of the Bible % Correct
7 9 Genesis | Numbers | 1 Samuel | 2 Samuel | Ezekiel | Obadiah | Malachi | Matthew | Hebrews
100%
6 16 Judith | Baruch | Wisdom | Exodus | Joshua | Judges | 1 Kings | 2 Kings | Esther | Psalms | Isaiah | Daniel | Haggai | Romans | 1 Peter | 2 Peter
100%
4 9 Ruth | Ezra | Joel | Amos | Mark | Luke | John | Acts | Jude
100%
10 4 1 Maccabees | 2 Maccabees | Colossians | Revelation
83%
11 4 Deuteronomy | 1 Chronicles | 2 Chronicles | Philippians
83%
12 4 Ecclesiastes | Lamentations | 1 Corinthians | 2 Corinthians
83%
3 1 Job
83%
9 5 Leviticus | Zephaniah | Zechariah | Galatians | Ephesians
83%
5 10 Tobit | Hosea | Jonah | Micah | Nahum | Titus | James | 1 John | 2 John | 3 John
75%
8 7 Nehemiah | Proverbs | Jeremiah | Habakkuk | 1 Timothy | 2 Timothy | Philemon
58%
14 3 Ecclesiasticus | 1 Thessalonians | 2 Thessalonians
50%
13 1 Song of Solomon
50%
No matching quizzes found
Score Distribution
Percent of People with Each Score
Percentile by Number Answered
Your Score History
You have not taken this quiz